MARC

LEADER 00000nam0a2200000 4500
001 25108
005 20231101205641.0
010 |a 5732504400 
035 |a (RuTPU)RU\TPU\book\25344 
035 |a BOOK00025419 
090 |a 25108 
100 |a 20011209d2000 k y0rusy50 ca 
101 0 |a rus 
102 |a RU 
105 |a а z 001zy 
200 1 |a Физическая модель Вселенной  |f Б. П. Иванов 
210 |a СПб.  |c Политехника  |d 2000 
215 |a 312 с.  |c ил. 
320 |a Библиогр.: с. 307-309. 
606 |a Вселенная  |x Физика  |2 stltpush  |3 (RuTPU)RU\TPU\subj\3756  |9 32122 
610 1 |a астрономия 
610 1 |a объекты 
610 1 |a материи 
610 1 |a структура 
610 1 |a организация 
610 1 |a Солнечная система 
610 1 |a фотоны 
610 1 |a Мир 
675 |a 524.85  |v 3 
700 1 |a Иванов  |b Б. П.  |g Борис Павлович 
801 0 |a RU  |b 63413507  |c 20011209  |g PSBO 
801 2 |a RU  |b 63413507  |c 20140217  |g PSBO 
942 |c BK